| 000 | 00594nam a2200217Ia 4500 | ||
|---|---|---|---|
| 003 | GCL | ||
| 008 | 140319s9999 xx 000 0 ara d | ||
| 040 |
_aGCL / _cGCL |
||
| 082 | 0 | 4 |
_aط _b507 _bو ب |
| 100 | 1 | _aوفاء اشرف | |
| 245 | 1 | 0 |
_aالبترول والمعادن / _cوفاء اشرف |
| 700 | 1 | _aعادل البطراوى | |
| 300 | _aبيروت | ||
| 490 |
_aرحلة فى عالم _v0 |
||
| 650 | 0 | 4 | _aالاطفال |
| 650 | 0 | 4 | _aالمعادن |
| 650 | 0 | 4 | _aالبترول |
| 650 | 0 | 4 | _aالمعادلات |
| 650 | 0 | 4 | _aالاطفال - تعليم |
| 942 |
_2ddc _cBK |
||
| 999 |
_c51253 _d51253 |
||